Statistics for Guess the Country Based on the Hint

Click here to take the quiz!

General Stats

  • This quiz has been taken 39 times
  • The average score is 16 of 20

Answer Stats

HintAnswer% Correct
BaguettesFrance
100%
PizzaItaly
100%
SushiJapan
100%
VodkaRussia
100%
McDonald'sUSA
100%
Maple SyrupCanada
96%
TacosMexico
96%
IkeaSweden
96%
TeaUK
93%
SpidersAustralia
89%
BeerGermany
85%
2nd ChinaTaiwan
85%
SheepNew Zealand
81%
FactoriesChina
78%
LuckyIreland
78%
CoffeeBrazil
70%
PiratesSomalia
56%
IsolatedNorth Korea
48%
PenguinsMadagascar
44%
HottestMali
26%

Score Distribution

Percentile by Number Answered

Percent of People with Each Score

Your Score History

You have not taken this quiz